[Event "Mittelfranken Mitte-ch"]
[Site "Nuremberg"]
[Date "2020.01.03"]
[Round "1.3"]
[White "Ulusoy, Tolga"]
[Black "Walch, Roger"]
[Result "1-0"]
[WhiteElo "2039"]
[BlackElo "1702"]
[PlyCount "99"]
[EventDate "2020.01.03"]
[EventType "swiss"]
[EventRounds "7"]
[EventCountry "GER"]
[SourceTitle "EXT 2023"]
[Source "ChessBase"]
[SourceDate "2022.10.05"]
[SourceVersion "1"]
[SourceVersionDate "2022.10.05"]
[SourceQuality "1"]

1. e4 e6 2. d4 d5 3. exd5 exd5 4. c4 Nf6 5. Nc3 c6 6. Nf3 Be7 7. Bd3 0-0 8. 0-0 Bg4 9. Be3 Nbd7 10. Qc2 dxc4 11. Bxc4 Nb6 12. Bd3 Nbd5 13. a3 h6 14. Ne5 Be6 15. Rae1 Ng4 16. Bc1 Bd6 17. h3 Nxe5 18. dxe5 Bc7 19. Qe2 Qh4 20. f4 Rae8 21. Qe4 f5 22. Qe2 Bb6+ 23. Kh2 Bd4 24. Nxd5 cxd5 25. Be3 Bxe3 26. Qxe3 b6 27. Rc1 Re7 28. g3 Qh5 29. Be2 Qe8 30. Qd4 Qd7 31. Ba6 Rb8 32. a4 Qd8 33. Rc3 Rc7 34. Rfc1 Rxc3 35. Rxc3 Kh8 36. Rc6 Qe7 37. Qc3 Rd8 38. Qd4 Kh7 39. Bd3 Kh8 40. Ba6 Kh7 41. Kg2 Rd7 42. Bd3 Kh8 43. g4 fxg4 44. f5 gxh3+ 45. Kxh3 Bg8 46. f6 Be6+ 47. Kh2 Qe8 48. Qh4 Bg8 49. fxg7+ Rxg7 50. Rxh6+ 1-0

[Event "Mittelfranken Mitte-ch"]
[Site "Zirndorf"]
[Date "2016.01.06"]
[Round "7"]
[White "Lingl, Peter"]
[Black "Walch, Roger"]
[Result "1-0"]
[WhiteElo "1449"]
[BlackElo "1617"]
[PlyCount "65"]
[EventDate "2016.01.03"]
[EventType "swiss"]
[EventRounds "7"]
[EventCountry "GER"]
[SourceTitle "EXT 2018"]
[Source "ChessBase"]
[SourceDate "2017.10.13"]
[SourceVersion "1"]
[SourceVersionDate "2017.10.13"]
[SourceQuality "1"]

1. e4 e6 2. d4 d5 3. e5 c5 4. c3 Bd7 5. Be3 Qb6 6. Qc2 Nc6 7. Nf3 Rc8 8. Qb3 Qc7 9. Nbd2 a6 10. a4 c4 11. Qc2 Na5 12. Be2 Ne7 13. Nh4 h6 14. 0-0 g5 15. Nhf3 Nf5 16. Ne1 Bg7 17. g4 Nxe3 18. fxe3 0-0 19. Ng2 f6 20. Nf3 Nb3 21. Ra3 fxe5 22. h4 e4 23. Nd2 Rxf1+ 24. Nxf1 Qd8 25. h5 Na5 26. Nd2 Qc7 27. Ra1 e5 28. Rf1 exd4 29. exd4 Qg3 30. Nxe4 dxe4 31. Qxe4 Re8 32. Qd5+ Kh8 33. Qxd7 1-0

[Event "Mittelfranken Mitte-ch"]
[Site "Zirndorf"]
[Date "2016.01.06"]
[Round "6"]
[White "Walch, Roger"]
[Black "Kocak, Ediz"]
[Result "0-1"]
[WhiteElo "1617"]
[BlackElo "1567"]
[PlyCount "68"]
[EventDate "2016.01.03"]
[EventType "swiss"]
[EventRounds "7"]
[EventCountry "GER"]
[SourceTitle "EXT 2018"]
[Source "ChessBase"]
[SourceDate "2017.10.13"]
[SourceVersion "1"]
[SourceVersionDate "2017.10.13"]
[SourceQuality "1"]

1. e4 d5 2. exd5 Nf6 3. c4 c6 4. Nc3 cxd5 5. d4 Nc6 6. cxd5 Nxd5 7. Bc4 Nb6 8. Bb5 e6 9. Nf3 Bb4 10. 0-0 0-0 11. a3 Be7 12. Bd3 Bf6 13. Be3 Nd5 14. Ne4 Be7 15. Bc1 b6 16. Ng3 Bb7 17. b4 Rc8 18. Bb2 a5 19. b5 Nb8 20. Qd2 Qd6 21. Ne5 Nf6 22. Rac1 Nbd7 23. Qe2 Rfd8 24. f4 Bd5 25. f5 Bf8 26. fxe6 Bxe6 27. Ne4 Nxe4 28. Rxc8 Rxc8 29. Bxe4 Nxe5 30. dxe5 Qc5+ 31. Kh1 Bc4 32. Bxh7+ Kxh7 33. Qh5+ Kg8 34. Rf3 Be6 0-1

[Event "Nuremberg Zabo op 17th"]
[Site "Nuremberg"]
[Date "2015.09.21"]
[Round "1"]
[White "Walch, Roger"]
[Black "Miller, Eduard"]
[Result "0-1"]
[WhiteElo "1667"]
[BlackElo "2229"]
[PlyCount "40"]
[EventDate "2015.09.21"]
[EventType "swiss"]
[EventRounds "5"]
[EventCountry "GER"]
[SourceTitle "EXT 2018"]
[Source "ChessBase"]
[SourceDate "2017.10.13"]
[SourceVersion "1"]
[SourceVersionDate "2017.10.13"]
[SourceQuality "1"]

1. e4 c5 2. Nf3 Nc6 3. d4 cxd4 4. Nxd4 g6 5. Be3 Bg7 6. Nc3 Nf6 7. f3 0-0 8. Qd2 d5 9. exd5 Nxd5 10. Nxd5 Qxd5 11. c4 Qd6 12. Rd1 Be6 13. c5 Qe5 14. f4 Qf6 15. Nxe6 Qxe6 16. b3 Rfd8 17. Bd3 Bc3 18. Qxc3 Qxe3+ 19. Kf1 Rd4 20. Qd2 Rxf4+ 0-1

[Event "Bayern-ch Seniors op 27th"]
[Site "Bergen"]
[Date "2015.06.15"]
[Round "8"]
[White "Walch, Roger"]
[Black "Abel, Hans Peter"]
[Result "0-1"]
[WhiteElo "1666"]
[BlackElo "1795"]
[PlyCount "102"]
[EventDate "2015.06.15"]
[EventType "swiss"]
[EventRounds "9"]
[EventCountry "GER"]
[SourceTitle "EXT 2019"]
[Source "ChessBase"]
[SourceDate "2018.10.10"]
[SourceVersion "1"]
[SourceVersionDate "2018.10.10"]
[SourceQuality "1"]

1. e4 c5 2. Nf3 d6 3. d4 cxd4 4. Nxd4 Nf6 5. Nc3 g6 6. f3 Bg7 7. Be3 0-0 8. Qd2 Nc6 9. Bc4 Bd7 10. a3 a6 11. Ba2 Rc8 12. Rc1 Qa5 13. Nb3 Qh5 14. 0-0 Ne5 15. Nd4 Nc4 16. Bxc4 Rxc4 17. b3 Rc7 18. Nce2 Bb5 19. c4 Bc6 20. Ng3 Qe5 21. b4 Ne8 22. f4 Qf6 23. f5 Qe5 24. Qd3 Ba4 25. Nf3 Qb2 26. Rf2 Qb3 27. Qxb3 Bxb3 28. Nd2 Ba4 29. Ne2 Nf6 30. h3 Bc6 31. Bb6 Rcc8 32. Nc3 Bh6 33. Re1 Nd7 34. Bd4 Ne5 35. Bxe5 dxe5 36. Nf3 Bf4 37. Rd1 Rfd8 38. Re2 Rxd1+ 39. Nxd1 Rd8 40. Nb2 g5 41. Kf2 f6 42. c5 Bc1 43. Nc4 Rd3 44. Re1 Rc3 45. Ncxe5 fxe5 46. Nxe5 Bxa3 47. Nxc6 bxc6 48. Rb1 Rc4 49. Ra1 Bxb4 50. Rxa6 Bxc5+ 51. Kf3 Bd6 0-1

[Event "Bayern-ch Seniors op 27th"]
[Site "Bergen"]
[Date "2015.06.15"]
[Round "7"]
[White "Walch, Roger"]
[Black "Kunte, Herbert"]
[Result "1-0"]
[WhiteElo "1666"]
[BlackElo "1594"]
[PlyCount "125"]
[EventDate "2015.06.15"]
[EventType "swiss"]
[EventRounds "9"]
[EventCountry "GER"]
[SourceTitle "EXT 2019"]
[Source "ChessBase"]
[SourceDate "2018.10.10"]
[SourceVersion "1"]
[SourceVersionDate "2018.10.10"]
[SourceQuality "1"]

1. e4 e5 2. Bc4 Nf6 3. d4 Nc6 4. d5 Na5 5. Bd3 c5 6. c4 d6 7. Bd2 Bd7 8. Nc3 a6 9. Nge2 Be7 10. 0-0 0-0 11. f4 Rb8 12. fxe5 dxe5 13. Qe1 b6 14. Qg3 Qc7 15. Rad1 b5 16. b3 bxc4 17. bxc4 Kh8 18. Kh1 Rb6 19. Ng1 Nh5 20. Qf3 g6 21. Bh6 Ng7 22. Qe3 f6 23. Be2 Qd6 24. g4 Nb7 25. h4 Nd8 26. Qg3 Nf7 27. Be3 Rbb8 28. Rf2 Kg8 29. Nh3 Nh8 30. Rdf1 Rf7 31. Bh6 Rbf8 32. Nd1 Rb8 33. h5 Ne8 34. Ne3 Rb6 35. Rg2 Rb2 36. Nf5 Qb8 37. Bc1 Rxa2 38. Nh6+ Kg7 39. Nxf7 Nxf7 40. hxg6 hxg6 41. g5 f5 42. exf5 Bxf5 43. Rxf5 gxf5 44. Qf3 f4 45. Rg1 Qd6 46. Bd3 Nh8 47. Qh5 Ng6 48. Qh6+ Kf7 49. Qh7+ Ng7 50. Bf5 Bf8 51. Be6+ Ke7 52. Qxg6 Nxe6 53. Qf6+ Ke8 54. g6 Bg7 55. Qf7+ Kd8 56. Qxe6 Qxe6 57. dxe6 Ke7 58. Ng5 Rc2 59. Rd1 Rxc4 60. Ba3 Bf8 61. Rd7+ Kf6 62. Nh7+ Kxg6 63. Nxf8+ 1-0

[Event "Mittelfranken-ch QT"]
[Site "Nuremberg"]
[Date "2015.04.02"]
[Round "5"]
[White "Walch, Roger"]
[Black "Grieneisen Pivatto, Nicolas"]
[Result "1-0"]
[WhiteElo "1757"]
[BlackElo "1412"]
[PlyCount "75"]
[EventDate "2015.04.01"]
[EventType "swiss"]
[EventRounds "7"]
[EventCountry "GER"]
[SourceTitle "CBM 166 Extra"]
[Source "ChessBase"]
[SourceDate "2015.06.18"]
[SourceVersion "1"]
[SourceVersionDate "2015.06.18"]
[SourceQuality "1"]

1. e4 e5 2. Bc4 Nc6 3. Nf3 Nf6 4. Nc3 Bc5 5. 0-0 d6 6. h3 h6 7. a3 0-0 8. d3 Re8 9. b4 Bb6 10. Na4 Be6 11. Nxb6 axb6 12. Bb5 Re7 13. Bb2 Na7 14. Ba4 d5 15. exd5 Qxd5 16. Bb3 Qd6 17. Bxe5 Qd7 18. c4 c6 19. Qc2 Rd8 20. Rad1 Nh7 21. Bb2 Ng5 22. Ne5 Qc8 23. h4 Nh7 24. Qc3 Nf6 25. d4 Ne4 26. Qf3 Nf6 27. Qg3 Ne8 28. d5 cxd5 29. cxd5 Bf5 30. d6 Rxd6 31. Rxd6 Nxd6 32. Nc6 Bg6 33. Nxe7+ Kf8 34. Nxc8 Naxc8 35. Re1 Kg8 36. Qxg6 Kh8 37. Qxh6+ Kg8 38. Qxg7# 1-0

[Event "Mittelfranken Mitte-ch"]
[Site "Zirndorf"]
[Date "2015.01.02"]
[Round "1"]
[White "Suess, Stefan"]
[Black "Walch, Roger"]
[Result "1-0"]
[WhiteElo "2004"]
[BlackElo "1686"]
[PlyCount "75"]
[EventDate "2015.01.02"]
[EventType "swiss"]
[EventRounds "7"]
[EventCountry "GE2"]
[SourceTitle "EXT 2018"]
[Source "ChessBase"]
[SourceDate "2017.10.13"]
[SourceVersion "1"]
[SourceVersionDate "2017.10.13"]
[SourceQuality "1"]

1. e4 e6 2. d4 d5 3. Nd2 a6 4. Ngf3 c5 5. exd5 exd5 6. dxc5 Bxc5 7. Bd3 Qe7+ 8. Qe2 Nc6 9. Nb3 Qxe2+ 10. Kxe2 Bd6 11. h3 Nge7 12. c3 0-0 13. Nbd4 Re8 14. Kd1 Ne5 15. Nxe5 Bxe5 16. Nf3 Bf6 17. Bg5 Bxg5 18. Nxg5 Bf5 19. Kd2 h6 20. Nf3 Be4 21. Bxe4 dxe4 22. Nd4 Rad8 23. Ke2 Nd5 24. g3 g6 25. Rhe1 f5 26. Rad1 f4 27. Nc2 g5 28. Rd4 e3 29. fxe3 Nxe3 30. Rxd8 Rxd8 31. Nxe3 fxe3 32. Rd1 Rxd1 33. Kxd1 Kf7 34. Ke2 Ke6 35. Kxe3 Ke5 36. c4 a5 37. g4 a4 38. b3 1-0

[Event "Forchheim op-B 13th"]
[Site "Forchheim"]
[Date "2014.10.03"]
[Round "1"]
[White "Walch, Roger"]
[Black "Grossner, Josef"]
[Result "0-1"]
[WhiteElo "1740"]
[BlackElo "1607"]
[PlyCount "58"]
[EventDate "2014.10.03"]
[EventType "swiss"]
[EventRounds "5"]
[EventCountry "GER"]
[SourceTitle "EXT 2019"]
[Source "ChessBase"]
[SourceDate "2018.10.10"]
[SourceVersion "1"]
[SourceVersionDate "2018.10.10"]
[SourceQuality "1"]

1. e4 e6 2. d4 d5 3. Nd2 dxe4 4. Nxe4 Nd7 5. Nf3 Ngf6 6. Ng3 Bd6 7. Bd3 0-0 8. 0-0 b6 9. Re1 Bb7 10. Ng5 h6 11. N5e4 Be7 12. c3 c5 13. Bc2 cxd4 14. cxd4 Nd5 15. a3 N7f6 16. Nc3 Qd7 17. Qd3 a5 18. Nh5 Ba6 19. Qh3 Nxh5 20. Nxd5 Qxd5 21. Re5 Qxd4 22. Qxh5 Qh4 23. Qf3 Rac8 24. Rh5 Qc4 25. Bxh6 Qxc2 26. Be3 Be2 27. Qh3 Bxh5 28. Qxh5 Qxb2 29. Re1 Bc5 0-1

[Event "Bayern-ch op Seniors 26th"]
[Site "Bergen"]
[Date "2014.06.22"]
[Round "3"]
[White "Alefs, Willi"]
[Black "Walch, Roger"]
[Result "0-1"]
[WhiteElo "1533"]
[BlackElo "1681"]
[PlyCount "130"]
[EventDate "2014.06.21"]
[EventType "swiss"]
[EventRounds "7"]
[EventCountry "GER"]
[SourceTitle "EXT 2018"]
[Source "ChessBase"]
[SourceDate "2017.10.13"]
[SourceVersion "1"]
[SourceVersionDate "2017.10.13"]
[SourceQuality "1"]

1. c4 e5 2. b3 Nc6 3. Bb2 Bc5 4. Nc3 a6 5. Nf3 d6 6. e3 Nf6 7. d3 0-0 8. Be2 Re8 9. Nd2 Ne7 10. Qc2 Nf5 11. 0-0-0 Bxe3 12. fxe3 Nxe3 13. Qb1 Bg4 14. Rdg1 Bxe2 15. Nxe2 d5 16. Nf1 Neg4 17. h3 Nf2 18. Rh2 e4 19. Bxf6 Qxf6 20. dxe4 dxe4 21. g3 Rad8 22. Ne3 Qf3 23. Ng4 Nd3+ 24. Kc2 Nb4+ 25. Kb2 Rd2+ 26. Ka3 Nc2+ 27. Ka4 e3 28. b4 Qc6+ 29. Kb3 Re4 30. Qxc2 Rxc2 31. Kxc2 Rxc4+ 32. Kb3 Qe4 33. Nc3 Rxb4+ 34. Ka3 Qc4 35. Rc1 c5 36. Nxe3 Ra4+ 37. Kb2 Qb4+ 38. Ka1 Ra3 39. Rb2 Qd4 40. Rd1 Rxc3 41. Rxd4 cxd4 42. Rxb7 g6 43. Nf1 d3 44. Rb2 Rc1+ 45. Rb1 Rc2 46. Rd1 Re2 47. g4 h5 48. Ng3 hxg4 49. Nxe2 dxe2 50. Re1 gxh3 51. Rxe2 g5 52. Kb2 Kg7 53. Kc1 g4 54. Rh2 Kg6 55. Kd2 f5 56. Ke3 Kg5 57. Kf2 Kh4 58. Kg1 f4 59. Rf2 Kg5 60. Rd2 g3 61. Rd3 Kg4 62. a4 h2+ 63. Kh1 f3 64. a5 f2 65. Rd1 Kh3 0-1

[Event "Mittelfranken-ch qual"]
[Site "Wachendorf"]
[Date "2013.03.29"]
[Round "7.5"]
[White "Walch, Roger"]
[Black "Weissmann, Peter"]
[Result "1-0"]
[WhiteElo "1749"]
[BlackElo "1823"]
[PlyCount "123"]
[EventDate "2013.03.27"]
[EventType "swiss"]
[EventRounds "7"]
[EventCountry "GER"]
[SourceTitle "EXT 2022"]
[Source "ChessBase"]
[SourceDate "2021.10.06"]
[SourceVersion "1"]
[SourceVersionDate "2021.10.06"]
[SourceQuality "1"]

1. e4 c5 2. Nf3 d6 3. d4 cxd4 4. Nxd4 Nf6 5. Nc3 Nc6 6. Nb3 g6 7. Be3 Bg7 8. f3 0-0 9. Qd2 a5 10. Na4 Nd7 11. Bh6 Bxh6 12. Qxh6 Nb4 13. Qd2 Nb6 14. Nxb6 Qxb6 15. c3 Nc6 16. Rd1 Be6 17. Nc1 Rad8 18. Qf2 Qxf2+ 19. Kxf2 Ne5 20. a4 f5 21. exf5 Rxf5 22. Bb5 g5 23. Ke3 Rdf8 24. Rd4 h5 25. Ne2 Ng6 26. Ng3 Re5+ 27. Kd2 Nf4 28. Rg1 d5 29. Ne2 Nxe2 30. Bxe2 Bd7 31. b3 Bc6 32. g3 Re6 33. h4 g4 34. f4 Ref6 35. Rg2 e6 36. Bd3 Kf7 37. Re2 Ke7 38. Re5 Rh6 39. Rg5 Kd6 40. Bg6 Be8 41. Bxe8 Rxe8 42. c4 Kc5 43. Kc3 Rd8 44. cxd5 Rxd5 45. Rc4+ Kd6 46. Rc8 Rxg5 47. fxg5 Rg6 48. Rh8 Ke5 49. Kd3 Rg7 50. Rxh5 Rd7+ 51. Ke3 Rc7 52. Kd3 Rd7+ 53. Ke3 Rc7 54. g6+ Kf6 55. Kf4 Kxg6 56. Rxa5 Rc3 57. Rb5 Kf6 58. Kxg4 e5 59. Rb6+ Kf7 60. Rxb7+ Ke6 61. Rb8 e4 62. h5 1-0

[Event "Nuremberg Zabo op 14th"]
[Site "Nuremberg"]
[Date "2012.09.15"]
[Round "3"]
[White "Walch, Roger"]
[Black "Forche, Peter"]
[Result "1/2-1/2"]
[WhiteElo "1629"]
[BlackElo "1365"]
[PlyCount "67"]
[EventDate "2012.09.14"]
[EventType "swiss"]
[EventRounds "5"]
[EventCountry "GER"]
[SourceTitle "EXT 2018"]
[Source "ChessBase"]
[SourceDate "2017.10.13"]
[SourceVersion "1"]
[SourceVersionDate "2017.10.13"]
[SourceQuality "1"]

1. e4 e6 2. d4 d5 3. Nd2 dxe4 4. Nxe4 Bd7 5. Nf3 Bc6 6. Bd3 Nd7 7. 0-0 Ngf6 8. Re1 Be7 9. Qe2 0-0 10. Neg5 Bxf3 11. Qxf3 c6 12. Qh3 h6 13. Nxe6 fxe6 14. Qxe6+ Rf7 15. Bg6 Qf8 16. Bxf7+ Qxf7 17. Qxe7 Qg6 18. Qe6+ Kh8 19. Qb3 Rb8 20. Bd2 Ne4 21. Bf4 Rf8 22. Qe3 Re8 23. Qd3 Ndf6 24. f3 Nd5 25. Be5 Rxe5 26. dxe5 Nf4 27. Qd8+ Kh7 28. g3 Nh3+ 29. Kg2 Nf4+ 30. Kf1 Nxg3+ 31. hxg3 Qxg3 32. Qd2 Qxf3+ 33. Kg1 Qg3+ 34. Kh1 1/2-1/2